Association of Planning Supervisors (Record no. 119451)
[ view plain ]
| 000 -LEADER | |
|---|---|
| fixed length control field | 00816cam a2200181 4500 |
| 001 - CONTROL NUMBER | |
| control field | WS105110 |
| 008 - FIXED-LENGTH DATA ELEMENTS--GENERAL INFORMATION | |
| fixed length control field | 000000n 000 0 eng u |
| 035 ## - SYSTEM CONTROL NUMBER | |
| System control number | (Sirsi) u105100 |
| 110 ## - MAIN ENTRY--CORPORATE NAME | |
| Corporate name or jurisdiction name as entry element | Association of Planning Supervisors |
| 9 (RLIN) | 1168 |
| 245 ## - TITLE STATEMENT | |
| Title | Association of Planning Supervisors |
| 520 ## - SUMMARY, ETC. | |
| Summary, etc. | Web site for this organisation which describes itself as 'a multi-discipline body for all who work as planning supervisors in the construction industry'. Includes details of events, news, HSE Information Sheets and reading lists. |
| 650 ## - SUBJECT ADDED ENTRY--TOPICAL TERM | |
| Topical term or geographic name entry element | CONSTRUCTION (DESIGN AND MANAGEMENT) REGULATIONS 1994 |
| 650 ## - SUBJECT ADDED ENTRY--TOPICAL TERM | |
| Topical term or geographic name entry element | PLANNING SUPERVISORS |
| 650 ## - SUBJECT ADDED ENTRY--TOPICAL TERM | |
| Topical term or geographic name entry element | ORGANISATION |
| 690 ## - LOCAL SUBJECT ADDED ENTRY--TOPICAL TERM (OCLC, RLIN) | |
| Topical term or geographic name as entry element | BUILT ENVIRONMENT-BUILDING STANDARDS |
| 856 40 - ELECTRONIC LOCATION AND ACCESS | |
| Uniform Resource Identifier | <a href="https://www.aps.org.uk/">https://www.aps.org.uk/</a> |
| Public note | View the website free of charge at www.aps.org.uk... |
| 942 ## - ADDED ENTRY ELEMENTS (KOHA) | |
| Suppress in OPAC | 0 |
| Withdrawn status | Lost status | Source of classification or shelving scheme | Damaged status | Not for loan | Home library | Current library | Shelving location | Date acquired | Total Checkouts | Full call number | Barcode | Date last seen | Copy number | Price effective from | Koha item type |
|---|---|---|---|---|---|---|---|---|---|---|---|---|---|---|---|
| Dewey Decimal Classification | Virtual | Virtual | Online | 30/03/2000 | WEB SITE | 105100-2001 | 06/08/2019 | 1 | 06/08/2019 | Online material |